| 000 | 00584 a2200169 4500 | ||
|---|---|---|---|
| 020 | _a9810228597 | ||
| 020 | _a9789810228590 | ||
| 082 | 0 | 4 | _a523.1 |
| 090 |
_c542 _d542 |
||
| 100 | _aTurok, Neil. | ||
| 245 | 1 | 0 |
_aCritical dialogues in cosmology : _bprinceton, new jersey, 24-27 june 1996 / _cNeil Turok. |
| 260 |
_a[S.l.] : _bWorld Scientific Pub Co Inc, _c1997. |
||
| 300 |
_a614 p. ; _c22 cm. |
||
| 700 | 1 | _aTurok, Neil. | |
| 942 |
_aSNS _cBK _k523.1 TUR |
||
| 999 |
_c29172 _d29172 |
||